000 00871nam a2200205 4500
999 _c56798
_d56798
003 Ge_BSU
005 20190427213906.0
008 190427b2001 ge ||||| |||| 00| 0 geo d
041 _ageo
080 _a624.15(075.8) ქ-56
100 _aქიქავა, თ.
_9510
245 _aფუძე - საძირკვლები :
_bსახელმძღვ. /
_cთ. ქიქავა ; რედ. ი. დიდმანიძე.
264 _aბათუმი :
_bაჭარა ;
_c2001.
300 _a228 გვ. :
_bნახაზები ;
_c22 სმ.
504 _a ბიბლიოგრ. : გვ.225-227.
653 _aფუძე - საძირკვლები
653 _aსამშენებლო მასალები
700 _aდიდმანიძე, ი.
_eრედაქტორი
_9511
942 _2udc
_cBK